000 00482nam a2200181Ia 4500
999 _c27938
_d27938
003 OSt
005 20201130095754.0
008 190216s9999||||xx |||||||||||||| ||und||
020 _a9788124008263
040 _coclc
082 _a894.8123
_bNAT/K
100 _aNathan, P R
_96624
245 0 _aKasi /
_cP R Nathan
260 _bCurrent Books,
_aKottayam:
_c2000.
300 _a132p
650 _aNovel
942 _cBK
_2ddc
_h894.8123
_iNAT/K
_k894.8123
_mNAT/K